01226cam a22002537a 450000100040000000500170000402000250002102000220004604000250006805000230009308200140011610000180013024500790014826000350022730000400026249000240030250000640032650500060039052004810039652100180087752100180089565000320091370000270094547120250821135055.0 a9780545750240 (pbk.) a0545750245 (pbk.) aXY4cXY4dOCLCOdDLC00aPZ7.H1996bPc 201504a813.62231 aHapka, Cathy.10aPearl's ocean magic /cby Catherine Hapka ; illustrated by Hollie Hibbert. aNew York :bScholastic,c2015. a92 pages :billustrations :c20 cm.0 aDolphin school ;v1 aIncludes a sneak peek at Dolphin School Echo's Lucky Charm. aK aWelcome to Coral Cove Dolphin School. Pearl is a magical dolphin of the Salty Sea, and today is her first day of school. Her classmates Echo and Splash make great new friends! Together they start learning dolphin skills like magic, music, and jumping. But another student, Flip, just won't stop bragging. When he accepts a dare from an older student, he ends up in terrible danger from a shark! Can Pearl and her friends save him? It's an exciting first day at Dolphin School!2 a550 bLexile0 aK bRaz-Plus 0aDolphinsvJuvenile fiction.1 aHibbert, Hollie,eill.